Puuttuvia kirjaimia valtioiden nimissä - Statistics

Yleistilastot
  • Tätä visaa on pelattu 1 008 kertaa
    835 viimeisimmän päivityksen jälkeen
  • Keskiarvotulos 14 / 24
Vastaustilastot
Vihje Valtio % Oikein
V_N_Z_E_A Venezuela
84%
S_M_L_A Somalia
82%
E_Y_T_ Egypti
81%
K_N_D_ Kanada
76%
T_N_S_A Tunisia
73%
A_G_N_I_N_ Argentiina
72%
E_P_N_A Espanja
71%
S_O_I Suomi
71%
_Y_R_A Syyria
66%
_F_A_I_T_N Afganistan
62%
_E_Ä_Ä Venäjä
61%
_R_S_L_A Brasilia
60%
_T_L_A Italia
59%
_O_O_O Kosovo
55%
S_R_I_ Serbia
55%
_J_B_U_I Djibouti
49%
_U_K_I Turkki
49%
_A_A_A_K_R Madagaskar
45%
_U_T_I Ruotsi
39%
_R_I_K_ Kreikka
35%
_R_A_T_ Irlanti
34%
_H_L_ Chile
28%
_R_A_I_ Kroatia
22%
_U_T_A_I_ Australia
20%
Ehtoja vastaavia visoja ei löytynyt
Tulosjakauma
Jokaisen tuloksen saaneiden osuus
Persentiili vastausten määrän mukaan
Tuloshistoriasi
Et ole pelannut tätä visaa sen viimeisimmän päivityksen jälkeen